Przedsiebiorstwo w spolecznej gospodarce rynkowej.

Ekonomická úloha štátu. Keynesovo učenie o štátnom intervencionizme do investícií. Formy vlastníctva. Ciele znárodnenia. Štátne vlastníctvo. Učenie K. Galbraitha. Proces privatizácie. Privatizácia na základe leasingu. Podnik v sociálnom trhovom hospodárstve. Činnosť japonského podniku.

Enregistré dans:
Détails bibliographiques
Auteur principal: Szwedowski, S.
Format: Chapitre de livre
Langue:polonais
Sujets:
Tags: Ajouter un tag
Pas de tags, Soyez le premier à ajouter un tag!

MARC

LEADER 00000naa a2200000 4500
001 r012004
005 20220826093309.1
041 0 |a pol 
044 |a PL 
245 1 0 |a Przedsiebiorstwo w spolecznej gospodarce rynkowej.  |c S. Szwedowski 
520 |a Ekonomická úloha štátu. Keynesovo učenie o štátnom intervencionizme do investícií. Formy vlastníctva. Ciele znárodnenia. Štátne vlastníctvo. Učenie K. Galbraitha. Proces privatizácie. Privatizácia na základe leasingu. Podnik v sociálnom trhovom hospodárstve. Činnosť japonského podniku. 
610 2 0 |a podnik 
610 2 0 |a hospodárstvo trhové 
610 2 0 |a intervencionizmus štátny 
610 2 0 |a štát-podnik 
610 2 0 |a vlastníctvo 
610 2 0 |a vlastníctvo štátne 
610 2 0 |a privatizácia 
610 2 0 |a lízing 
100 1 |a Szwedowski, S.